000 01292nam a2200277Ia 4500
999 _c42761
_d42761
001 9467
003 GE_BSU
005 20250411150618.0
008 181216s2008||||ge |||||||||||||| ||geo||
020 _a9789941122095
040 _cGE_BSU
041 _ageo
080 _a004(075.8)+004.738.5 ნ–23
100 _aნამიჩეიშვილი, ოლეგ
_924769
245 _aინფორმატიკის შესავალი :
_b[სახელმძღვ. სტუდ.] /
_cოლეგ ნამიჩეიშვილი, ჟუჟუნა გოგიაშვილი, ბადრი ბარდაველიძე ; [რედ. დავით გორდეზიანი] ; თსუ.
250 _aმეორე გამოცემა
264 _aთბილისი :
_bუნივერსალი,
_c2008.
300 _a142 გვ.;
_b20 სმ.
504 _aბიბლიოგრ.: გვ. 135.
541 _h15ლ.60თ.
653 _aინფორმატიკა
653 _aინტერნეტი
700 _aგოგიაშვილი, ჟუჟუნა
_eავტორი
_924770
700 _aბარდაველიძე, ბადრი
_eავტორი
_924771
942 _cBK
_2udc